000
00317 a2200157 4500
001
161174
020
_a
040
_c
Magnum
100
_a
-
240
1
0
_a
A bela adormecida/globo
_l
por
245
1
0
_a
A bela adormecida/globo
362
0
_a
1899
440
1
_a
Globo
697
_a
IJ/FADAS, FANTASIA
942
_c
BK
999
_c
161174
_d
161174